Tây Du Ký Tập 2 Thoát khỏi nũi ngũ hành sơn

Enregistré dans:
Détails bibliographiques
Auteur principal: Ngô Thừa Ân
Format: Livre
Langue:Vietnamese
Tags: Ajouter un tag
Pas de tags, Soyez le premier à ajouter un tag!
Thư viện lưu trữ: Mạng thư viện Đại học Đà Nẵng
LEADER 00618nam a2200241 4500
001 000007996
003 4176
005 20111013151000.0
008 111013s viesd
041 0 |a vie 
082 |a 810  |b NG-K 
100 0 |a Ngô Thừa Ân 
245 1 0 |a Tây Du Ký  |c Ngô Thừa Ân  |n Tập 2  |p Thoát khỏi nũi ngũ hành sơn 
300 |a 250tr. 
773 |t Tây Du Ký  |w 4173 
OWN |a LSP 
999 |a From the UDN01 
TYP |a Monograph 
TYP |a Printed language 
980 |a Mạng thư viện Đại học Đà Nẵng